| Tag |
First Indicator |
Second Indicator |
Subfields |
| LEADER |
00000pam a22000004a 4500 |
| 001 |
in00002054875 |
| 005 |
20151101181445.0 |
| 008 |
041026s2005 caua b 001 0 eng |
| 010 |
|
|
|a 2004025338
|
| 015 |
|
|
|a GBA521123
|2 bnb
|
| 016 |
7 |
|
|a 013130307
|2 Uk
|
| 020 |
|
|
|a 1412915139 (cloth)
|
| 020 |
|
|
|a 1412915147 (pbk.)
|
| 035 |
|
|
|a (OCoLC)ocm56894501
|
| 040 |
|
|
|a DLC
|c DLC
|d YDX
|d UKM
|d UtOrBLW
|
| 042 |
|
|
|a pcc
|
| 043 |
|
|
|a n-us---
|
| 049 |
|
|
|a TXAM
|
| 050 |
0 |
0 |
|a LB2822.82
|b .K63 2005
|
| 082 |
0 |
0 |
|a 371.2/00973
|2 22
|
| 100 |
1 |
|
|a Kochanek, Julie Reed.
|
| 245 |
1 |
0 |
|a Building trust for better schools :
|b research-based practices /
|c Julie Reed Kochanek ; foreword by Anthony Bryk.
|
| 264 |
|
1 |
|a Thousand Oaks, Calif. :
|b Corwin Press,
|c [2005]
|
| 264 |
|
4 |
|c ©2005
|
| 300 |
|
|
|a xxi, 115 pages :
|b illustrations ;
|c 26 cm.
|
| 336 |
|
|
|a text
|b txt
|2 rdacontent
|
| 337 |
|
|
|a unmediated
|b n
|2 rdamedia
|
| 338 |
|
|
|a volume
|b nc
|2 rdacarrier
|
| 504 |
|
|
|a Includes bibliographical references (pages 107-109) and index.
|
| 505 |
0 |
|
|a Introduction: Making a case for trust -- Trust building as a developmental process -- Macneil Elementary School: improving a high-trust school -- Mills Elementary School: starting from a lack of trust -- Cole Magnet Elementary School: coming back to trust -- An examination of trust building through quantitative analyses -- Implementing trust-building strategies in your school -- Resource A: CCSR relational trust measures -- Resource B: Measures of key concepts of trust-building.
|
| 650 |
|
0 |
|a School improvement programs
|z United States
|v Case studies.
|
| 650 |
|
0 |
|a Educational leadership
|z United States
|v Case studies.
|
| 650 |
|
0 |
|a School management and organization
|z United States
|v Case studies.
|
| 856 |
4 |
1 |
|3 Table of contents
|u http://www.loc.gov/catdir/toc/ecip052/2004025338.html
|t 0
|
| 945 |
|
|
|i PromptCat
|
| 947 |
|
|
|a A14831573318
|
| 994 |
|
|
|a 92
|b TXA
|
| 948 |
|
|
|a cataloged
|b h
|c 2005/6/22
|d c
|e rbarron
|f 4:14:02 pm
|
| 999 |
|
|
|a MARS
|
| 999 |
f |
f |
|s 775fb8d1-ba9d-35ea-924c-4066adb59807
|i 148aa700-8da6-3fc7-a37a-b1567e961923
|t 0
|
| 952 |
f |
f |
|p normal
|a Texas A&M University
|b College Station
|c Sterling C. Evans Library
|d Evans: Library Stacks
|t 0
|e LB2822.82 .K63 2005
|h Library of Congress classification
|i unmediated -- volume
|m A14831573318
|
| 998 |
f |
f |
|a LB2822.82 .K63 2005
|t 0
|l Evans: Library Stacks
|